000 00497nam a2200181Ia 4500
005 20250508162203.0
008 008 250505s9999 xx 000 0 eng d
037 _aTextual
040 _aFEDL
_beng
_cFEDL
041 _aeng
_2eng
084 _a371.252, WRA
_qFEDL
100 _aWragg E C
_9769771
245 0 _aTeaching mixed-ability groups
260 _aNewton
_bAbbot David and Charles
_c1976
300 _a191p.
942 _cTEXL
_h371.252, WRA
999 _c1374903
_d1374903